3D for iPhone apps with Blender and SIO2 : (Record no. 13477)
[ view plain ]
| 000 -LEADER | |
|---|---|
| fixed length control field | 01364cam a2200301 a 4500 |
| 001 - CONTROL NUMBER | |
| control field | 13477 |
| 003 - CONTROL NUMBER IDENTIFIER | |
| rucl marc code | BD-RjUL |
| 005 - DATE AND TIME OF LATEST TRANSACTION | |
| control field | 20211208235448.0 |
| 008 - FIXED-LENGTH DATA ELEMENTS--GENERAL INFORMATION | |
| fixed length control field | 140201s2010 inuaf 001 0 eng |
| 020 ## - INTERNATIONAL STANDARD BOOK NUMBER | |
| International Standard Book Number | 9780470574928 (paper/website) |
| International Standard Book Number | 0470574925 (paper/website) |
| 035 ## - SYSTEM CONTROL NUMBER | |
| System control number | (BD-RUCL)13528 |
| 040 ## - CATALOGING SOURCE | |
| Original cataloging agency | DLC |
| Transcribing agency | BD-RUCL |
| Modifying agency | BD-RUCL |
| -- | DLC |
| Language of cataloging | eng |
| 041 ## - LANGUAGE CODE | |
| Language code of text/sound track or separate title | eng |
| 082 00 - DEWEY DECIMAL CLASSIFICATION NUMBER | |
| Classification number | 794.81526 |
| Edition number | 22 |
| Author mark and year | MUD 2010 |
| 100 1# - MAIN ENTRY--PERSONAL NAME | |
| Personal name | Mullen, Tony, |
| Dates associated with a name | 1971- |
| 9 (RLIN) | 42036 |
| 245 10 - TITLE STATEMENT | |
| Title | 3D for iPhone apps with Blender and SIO2 : |
| Remainder of title | your guide to creating 3D games and more with open-source software / |
| Statement of responsibility, etc. | Tony Mullen. |
| 260 ## - PUBLICATION, DISTRIBUTION, ETC. (IMPRINT) | |
| Place of publication, distribution, etc. | Indianapolis, Ind. : |
| Name of publisher, distributor, etc. | Wiley Pub., |
| Date of publication, distribution, etc. | c2010. |
| 300 ## - PHYSICAL DESCRIPTION | |
| Pagination | xxi, 298 p., [8] p. of plates : |
| Illustrations | ill. (some col.) ; |
| Size | 24 cm. |
| 490 1# - SERIES STATEMENT | |
| Series statement | Serious skills |
| 500 ## - GENERAL NOTE | |
| General note | Includes index. |
| 505 0# - FORMATTED CONTENTS NOTE | |
| Formatted contents note | Getting started with 3D development for the iPhone -- Introducing graphics programming in SIO2 -- Saying hello to the Blender/SIO2/iPhone world -- Going mobile with SIO2 -- Extending interactive feedback with picking and text -- Creating an immersive environment in SIO2 -- Props and physical objects -- Animating a character -- Working with widgets. |
| 650 #0 - SUBJECT ADDED ENTRY--TOPICAL TERM | |
| Topical term or geographic name as entry element | Computer games |
| General subdivision | Programming. |
| 9 (RLIN) | 42037 |
| Topical term or geographic name as entry element | iPhone (Smartphone) |
| General subdivision | Programming. |
| 9 (RLIN) | 42038 |
| 830 #0 - SERIES ADDED ENTRY--UNIFORM TITLE | |
| Uniform title | Serious skills. |
| 942 ## - ADDED ENTRY ELEMENTS (KOHA) | |
| Source of classification or shelving scheme | Dewey Decimal Classification |
| Koha item type | Books |
| Lost status | Source of classification or shelving scheme | Damaged status | Not for loan | Collection code | Permanent Location | Current Location | Shelving location | Date acquired | Source of acquisition | Cost, normal purchase price | Total Checkouts | Full call number | Date last seen | Copy number | Koha item type |
|---|---|---|---|---|---|---|---|---|---|---|---|---|---|---|---|
| Dewey Decimal Classification | Not For Loan | Non-fiction | Central Library, University of Rajshahi | Central Library, University of Rajshahi | Reading Room | 01/10/2013 | Asia Foundation | 39.99 | 794.81526 MUD 2010 | 01/02/2014 | C-1 | Books | |||
| Dewey Decimal Classification | Non-fiction | Central Library, University of Rajshahi | Central Library, University of Rajshahi | 01/10/2013 | Asia Foundation | 39.99 | 794.81526 MUD 2010 | 01/02/2014 | C-2 | Books |